Colección Banco Santander / (Record no. 136818)

MARC details
000 -LEADER
campo de control de longitud fija 00896nam a2200253 i 4500
001 - NÚMERO DE CONTROL
campo de control 136818
003 - IDENTIFICADOR DE NÚMERO DE CONTROL
campo de control ES-MaACL
005 - FECHA Y HORA DE LA ÚLTIMA TRANSACCIÓN
campo de control 20240112171537.0
007 - CAMPO FIJO DE DESCRIPCIÓN FÍSICA--INFORMACIÓN GENERAL
campo de control de longitud fija t|
008 - DATOS DE LONGITUD FIJA--INFORMACIÓN GENERAL
campo de control de longitud fija 070214s2016 sp a c 00110dspa d
020 ## - NÚMERO INTERNACIONAL ESTÁNDAR DEL LIBRO
Número Internacional Estándar del Libro 978-84-92543-84-7
080 ## - NÚMERO DE LA CLASIFICACIÓN DECIMAL UNIVERSAL
Número de la Clasificación Decimal Universal 7:069.5
110 2# - ENTRADA PRINCIPAL--NOMBRE DE ENTIDAD CORPORATIVA
Nombre de entidad corporativa o nombre de jurisdicción como elemento de entrada Fundación Banco Santander.
9 (RLIN) 147458
245 10 - MENCIÓN DEL TÍTULO
Título Colección Banco Santander /
Mención de responsabilidad, etc. [textos, Alicia Chillida ... et al.].
260 ## - PUBLICACIÓN, DISTRIBUCIÓN, ETC.
Lugar de publicación, distribución, etc. [Madrid] :
Nombre del editor, distribuidor, etc. Fundación Banco Santancer,
Fecha de publicación, distribución, etc. [2016]
300 ## - DESCRIPCIÓN FÍSICA
Extensión 407 p. :
Otras características físicas principalmente il. col. ;
Dimensiones 32 cm +
Material acompañante/anejo 1 póster col. pleg.
597 ## - NOTA DE DESCRIPCIÓN FÍSICA
NOTA DE DESCRIPCIÓN FÍSICA El póster es la sobrecubierta.
610 24 - PUNTO DE ACCESO ADICIONAL DE MATERIA--NOMBRE DE ENTIDAD CORPORATIVA
Nombre de entidad corporativa o nombre de jurisdicción como elemento de entrada Fundación Banco Santander-
Subdivisión general Colecciones de arte.
9 (RLIN) 173164
650 #4 - PUNTO DE ACCESO ADICIONAL DE MATERIA--TÉRMINO DE MATERIA
Término de materia o nombre geográfico como elemento de entrada Arte-
Subdivisión general Colecciones-
Subdivisión geográfica España.
9 (RLIN) 171085
700 1# - ENTRADA AGREGADA--NOMBRE PERSONAL
Nombre de persona Chillida, Alicia.
9 (RLIN) 173165
852 4# - LOCALIZACIÓN
Ubicación ES-MaACL
Número de control de estantería A-14703
itemnumber 141759
Sublocalización o colección R.151813
Ubicación en estantería Depósito 1
Signatura antigua Olim: N-7703
942 ## - ELEMENTOS DE ENTRADA SECUNDARIOS (KOHA)
Fuente del sistema de clasificación o colocación Clasificación decimal universal
Tipo de ítem Koha Libro impreso
Holdings
Estatus retirado Estado de pérdida Fuente del sistema de clasificación o colocación Estado de daño No para préstamo Biblioteca de origen Biblioteca actual Ubicación en estantería Fecha de adquisición Fuente de adquisición Total de préstamos Signatura topográfica completa Código de barras Visto por última vez Precio de reemplazo Tipo de ítem Koha
    Clasificación decimal universal     Biblioteca del Ateneo de Madrid Biblioteca del Ateneo de Madrid Depósito 1 11/08/2021 Donación   A-14703 1202614 23/02/2023 23/02/2023 Libro impreso